Countries by UNESCO World Heritage Site - Statistics

General Stats
  • This quiz has been taken 34 times
  • The average score is 13 of 15
Answer Stats
Heritage Site Answer % Correct
Taj Mahal India
100%
Machu Picchu Peru
100%
Great Wall of _ China
97%
Pyramids of Giza Egypt
97%
Cologne Cathedral Germany
97%
Pompeii Italy
94%
Great Barrier Reef Australia
90%
Acropolis Greece
87%
Petra Jordan
87%
Chichén Itzá Mexico
87%
Stonehenge United Kingdom
87%
Easter Island Chile
84%
Yellowstone United States
84%
Galápagos Islands Ecuador
77%
Alhambra Spain
71%
No matching quizzes found
Score Distribution
Percent of People with Each Score
Percentile by Number Answered
Your Score History
You have not taken this quiz